| 000 | 00522nam a2200181Ia 4500 | ||
|---|---|---|---|
| 005 | 20250423101730.0 | ||
| 008 | 250422s9999 xx 000 0 und d | ||
| 020 | _a9781856178457 | ||
| 050 | _aTN 870 .L96/ | ||
| 100 | _aLyons, William C. | ||
| 245 | 0 | _aWorking guide to petroleum and natural gas production engineering | |
| 260 | _aAmsterdam | ||
| 260 | _bGulf Professional | ||
| 260 | _cc2010 | ||
| 300 | _a304 p | ||
| 650 | _aPetroleum engineering. Petrol mühendisliği. Natural gas. Doğal gaz. | ||
| 942 | _cBK | ||
| 999 |
_c37112 _d37112 |
||